000 00674nam a2200241Ia 4500
003 OSt
005 20220912151408.0
006 a|||||r|||| 00| 0
007 ta
008 220909b |||||||| |||| 00| 0 eng d
024 _a24087
037 _cTextual
040 _aCSL
_beng
_cCSL
041 _aeng
082 _aB6, L0
100 _aBurago Yu. D
245 0 _aIsoperimetric inequalities in the thoery of surfaces of bounded external curvature
260 _aNew York
_b Consultanta Bureau
_c1970
300 _aiv,99p.
_ccm.
490 _aSeminar in Mathematics; Vol 10
942 _hB6, L0
_cTEXL
_2CC
999 _c67526
_d67526